000 00493nam a2200169Ia 4500
008 240729s9999 xx 000 0 und d
022 _a1552-695X
245 0 _aIntegrative Cancer Therapies
260 _aUnited States
260 _bSAGE Publishing
650 _a Internal medicine
650 _a Neoplasms. Tumors. Oncology. Including cancer and carcinogens
650 _aMedicine
856 _uhttps://doaj.org/toc/b76920d66b124a75b29d0c9331d0eee7
942 _2ddc
942 _cDOAJEJ
999 _c67844
_d67844
945 _a1
_bMadushi Gamage
_c1
_dMadushi Gamage